Evolution of land grants and labour policy of government (Record no. 613803)

MARC details
000 -LEADER
fixed length control field 00764nam a2200241Ia 4500
003 - CONTROL NUMBER IDENTIFIER
control field OSt
005 - DATE AND TIME OF LATEST TRANSACTION
control field 20220926005425.0
008 - FIXED-LENGTH DATA ELEMENTS--GENERAL INFORMATION
fixed length control field 220923b |||||||| |||| 00| 0 eng d
037 ## - SOURCE OF ACQUISITION
Terms of availability General Book
040 ## - CATALOGING SOURCE
Original cataloging agency RTL
Transcribing agency RTL
Language of cataloging eng
041 ## - LANGUAGE CODE
Source of code eng
Language code of text/sound track or separate title eng
100 ## - MAIN ENTRY--PERSONAL NAME
Personal name Siddique Muhammed Abu B
9 (RLIN) 310283
245 #0 - TITLE STATEMENT
Title Evolution of land grants and labour policy of government
260 ## - PUBLICATION, DISTRIBUTION, ETC.
Place of publication, distribution, etc. New Delhi
Name of publisher, distributor, etc. South Asian Publishers India
Date of publication, distribution, etc. 1990
300 ## - PHYSICAL DESCRIPTION
Extent x,206p
Dimensions cm.
500 ## - GENERAL NOTE
General note Bib p. 194-202
650 ## - SUBJECT ADDED ENTRY--TOPICAL TERM
Topical term or geographic name entry element Agriculture Industry - Tea
9 (RLIN) 245402
942 ## - ADDED ENTRY ELEMENTS (KOHA)
Classification part X9(J451).277.N40<--M34, N0
Koha item type General Books
Source of classification or shelving scheme Colon Classification (CC)
Holdings
Withdrawn status Lost status Damaged status Not for loan Home library Current library Date acquired Total Checkouts Full call number Barcode Date last seen Price effective from Koha item type
        Ratan Tata Library Ratan Tata Library 2022-09-26   X9(J451).277.N40<--M34 N0 RT1048709 2022-09-26 2022-09-26 General Books
Copyright @ Delhi University Library System